12 Days of Christmas Quiz Stats

 Plays Quiz Updated Dec 7, 2016

Support Sporcle.
Go Orange.
Score 0/12 Timer 05:00
6 Plays Today
Day Gift % Correct
Firsta Partridge in a Pear Tree
95.1%
Second2 Turtle Doves
94.2%
Fifth5 Golden Rings
90.6%
Third3 French Hens
89.9%
Fourth4 Calling Birds
81.9%
Sixth6 Geese a Laying
72.8%
Eighth8 Maids a Milking
70.2%
Seventh7 Swans a Swimming
69.4%
Ninth9 Ladies Dancing
61.8%
Tenth10 Lords a Leaping
61.6%
Eleventh11 Pipers Piping
59.6%
Twelfth12 Drummers Drumming
56.8%

You're not logged in!

Compare scores with friends on all Sporcle quizzes.
OR
Log In

From the Vault

US One Hit Wonders (Audio Quiz)

by sbme

It's always the two-hit wonders you have to watch out for.
Remove Ads.
Support Sporcle.
Get the best of Sporcle when you Go Orange. This ad-free experience offers more features, more stats, and more fun while also helping to support Sporcle. Thank you for becoming a member.

Show Comments

Extras

Top Quizzes Today


Score Distribution

Your Account Isn't Verified!

In order to create a playlist on Sporcle, you need to verify the email address you used during registration. Go to your Sporcle Settings to finish the process.

Report this User

Report this user for behavior that violates our Community Guidelines.

Details: